00455nam a2200157 a 4500001001300000003000900013005001700022008004100039020001000080082001700090245005100107260003000158500003500188650004000223710003400263nice12345678IN_TiNIC20260116011518.0070918s1938 leia grp 000 0 eng  ac10000a297.03bENC5 aEncyclopaedia of Islamb Index of Proper Names aLeidenbE. J. Brillc1938 aincludes index and biblioraphy aEncyclopeadia of Islam-Brill Indexe2 aAcademics International Union